Statistics for Champions League Teams 2020-21

Click here to take the quiz!

General Stats

  • This quiz has been taken 12 times
  • The average score is 22 of 32

Answer Stats

HintAnswer% Correct
SpanishBarcelona
100%
GermanBayern Munich
100%
EnglishLiverpool
100%
EnglishManchester City
100%
FrenchPSG
100%
DutchAjax
91%
SpanishAtletico Madrid
91%
GermanBorussia Dortmund
91%
ItalianInter Milan
91%
EnglishManchester United
91%
SpanishReal Madrid
91%
EnglishChelsea
82%
ItalianJuventus
82%
FrenchMarseille
82%
GreekOlympiacos
82%
PortuguesePorto
82%
ItalianLazio
73%
ItalianAtalanta
64%
GermanBorussia Monchengladbach
64%
GermanRB Leipzig
64%
FrenchRennes
64%
SpanishSevilla
64%
RussianZenit
64%
BelgianClub Brugge
55%
RussianLokomotiv Moscow
55%
HungarianFerencvaros
45%
AustrianRB Salzburg
45%
UkranianShakhtar Donetsk
45%
UkranianDynamo Kyiv
27%
RussianKrasnodar
27%
TurkishIstanbul Basaksehir
18%
DanishMidtjylland
18%

Score Distribution

Percentile by Number Answered

Percent of People with Each Score

Your Score History

You have not taken this quiz